书目信息 |
| 题名: |
结构振动逻辑控制
|
|
| 作者: | 陈静 编著 | |
| 分册: | ||
| 出版信息: | 北京 国防工业出版社 2005.03 |
|
| 页数: | 146页 | |
| 开本: | 23cm | |
| 丛书名: | ||
| 单 册: | ||
| 中图分类: | TU311.3 | |
| 科图分类: | ||
| 主题词: | 结构振动--逻辑控制 | |
| 电子资源: | ||
| ISBN: | 7-118-03911-X | |
| 000 | 00825nam0 2200229 450 | |
| 001 | 010264638554 | |
| 005 | 20050926082145.15 | |
| 010 | @a7-118-03911-X@dCNY25.00 | |
| 100 | @a20050627d2005 km y0chiy0120 ea | |
| 101 | 0 | @achi |
| 102 | @aCN@b110000 | |
| 105 | @aa a 000yy | |
| 200 | 1 | @a结构振动逻辑控制@Ajie gou zhen dong luo ji kong zhi@f陈静编著@Fchen jing bian zhu |
| 210 | @a北京@c国防工业出版社@d2005.03 | |
| 215 | @a146页@c图@d23cm | |
| 320 | @a有书目。 | |
| 330 | @a本书详细介绍了结构振动逻辑控制的理论、计算机仿真和实验研究。全书以带裙房高层建筑结构为典型对象,将基于泛布尔代数的逻辑控制引入结构振动控制中,开创性地建立了具有工程应用价值的相关算法。 | |
| 606 | 0 | @a结构振动@x逻辑控制 |
| 690 | @aTU311.3@v4 | |
| 701 | 0 | @a陈静@Achen jing@4编著 |
| 801 | 0 | @aCN@bQSSK@c20050926 |
| 905 | @a10447@dTU311.3@eC472 | |
| 结构振动逻辑控制/陈静编著.-北京:国防工业出版社,2005.03 |
| 146页:图;23cm |
| ISBN 7-118-03911-X:CNY25.00 |
| 本书详细介绍了结构振动逻辑控制的理论、计算机仿真和实验研究。全书以带裙房高层建筑结构为典型对象,将基于泛布尔代数的逻辑控制引入结构振动控制中,开创性地建立了具有工程应用价值的相关算法。 |
| ● |
| 相关链接 |
|
|
|
正题名:结构振动逻辑控制
索取号:TU311.3/C472
 
预约/预借
| 序号 | 登录号 | 条形码 | 馆藏地/架位号 | 状态 | 备注 |
| 1 | 527501 | 205275012 | 土木与交通工程学院资料室/土木与交通学院资料室 1排1列1层/ [索取号:TU311.3/C472] | 在馆 | |
| 2 | 527502 | 205275021 | 建筑库101/101建筑库 78排4列2层/ [索取号:TU311.3/C472] | 在馆 | |
| 3 | 527503 | 205275030 | 建筑库101/101建筑库 78排4列2层/ [索取号:TU311.3/C472] | 在馆 |